Music Quiz

Random Music or Lyrics Quiz

Who's That Song About? Quiz Stats

 Plays Quiz Updated Nov 12, 2018

Also try: Musical Elements
Challenge
Share
Tweet
Embed
Score 0/30 Timer 06:00
3 Plays Today
% Correct
Billie Jean
90.8%
Roxanne
85.5%
Mickey
82.2%
Mrs. Robinson
78.2%
Barbara Ann
74.8%
Leroy Brown
74.7%
Marilyn
73.8%
Johnny B. Goode
72.6%
Jessie
70.8%
Eleanor Rigby
69.6%
Lola
69.4%
Janie
64.3%
Major Tom
59.9%
Sue
58.5%
Layla
57.5%
% Correct
Jack Flash
56.5%
Mandy
55.5%
Maggie
51.3%
Henry
46.9%
Jenny
46.6%
Delilah
44.5%
Gina
41.9%
Johnny Angel
41.5%
Charlie Brown
40.6%
Bobby
38.6%
Jude
38.1%
Rhiannon
37.8%
Ruby Tuesday
34.3%
Drew
29%
Gloria
28.3%

You're not logged in!

Compare scores with friends on all Sporcle quizzes.
OR
Log In

You Might Also Like...

Show Comments

Extras

Top Quizzes Today


Score Distribution

Your Account Isn't Verified!

In order to create a playlist on Sporcle, you need to verify the email address you used during registration. Go to your Sporcle Settings to finish the process.

Report this User

Report this user for behavior that violates our Community Guidelines.

Details: